Welcome to CU Library Online Public Access Catalogue (OPAC)

Psychology : (Record no. 3870)

MARC details
000 -LEADER
fixed length control field 00700cam a2200229 a 4500
001 - CONTROL NUMBER
control field 12700968
005 - DATE AND TIME OF LATEST TRANSACTION
control field 20250214155911.0
008 - FIXED-LENGTH DATA ELEMENTS--GENERAL INFORMATION
fixed length control field 020312s2003 maua b 001 0 eng
020 ## - INTERNATIONAL STANDARD BOOK NUMBER
International Standard Book Number 0205356605 (alk. paper)
020 ## - INTERNATIONAL STANDARD BOOK NUMBER
International Standard Book Number 9780205356607
050 00 - LIBRARY OF CONGRESS CALL NUMBER
Classification number BF121
Item number .Z53 2003
082 00 - DEWEY DECIMAL CLASSIFICATION NUMBER
Classification number 150
Edition information 21
100 1# - MAIN ENTRY--PERSONAL NAME
Personal name Zimbardo, Philip G.
245 10 - TITLE STATEMENT
Title Psychology :
Remainder of title core concepts /
Statement of responsibility, etc. Philip G. Zimbardo, Ann L. Weber, Robert L. Johnson.
250 ## - EDITION STATEMENT
Edition statement 4th ed.
260 ## - PUBLICATION, DISTRIBUTION, ETC.
Place of publication, distribution, etc. Boston :
Name of publisher, distributor, etc. Allyn and Bacon,
Date of publication, distribution, etc. c2003.
300 ## - PHYSICAL DESCRIPTION
Extent xxiv, 662 p. :
Other physical details ill. (chiefly col.) ;
Dimensions 29 cm.
650 #0 - SUBJECT ADDED ENTRY--TOPICAL TERM
Topical term or geographic name entry element Psychology.
700 1# - ADDED ENTRY--PERSONAL NAME
Personal name Weber, Ann L.
700 1# - ADDED ENTRY--PERSONAL NAME
Personal name Johnson, Robert L.
Fuller form of name (Robert Lee)
942 ## - ADDED ENTRY ELEMENTS (KOHA)
Source of classification or shelving scheme Library of Congress Classification
Koha item type Books
Edition 4th Ed.
Suppress in OPAC No
999 ## -
-- 3870
-- 3870
Holdings
Withdrawn status Lost status Source of classification or shelving scheme Damaged status Not for loan Collection Home library Current library Shelving location Date acquired Total checkouts Full call number Barcode Date last seen Copy number Price effective from Koha item type
    Library of Congress Classification     Non-fiction Business Library (Miotso) Business Library (Miotso) General stacks 02/14/2025   BF121 .Z53 2003 BSSM00000797 02/14/2025 1 02/14/2025 Books
© 2023-2024 Copyright: Central University Libraries. All Rights Reserved | Created by: Mahone Tech Office